[Event "AUTO-ADV-2668"]
[Site "http://www.queenalice.com/game.php?id=1118878"]
[Date "2012.11.4"]
[Round "1"]
[White "essenfelder"]
[Black "Jackson_Ribeiro"]
[Result "1/2-1/2"]
[WhiteElo "2038"]
[BlackElo "1871"]

1. e4 c5 2. Bc4 Nc6 3. Nf3 e6 4. c3 d5 5. exd5 exd5 6. Bb5 Bd7 7. O-O Be7 8. d4
c4 9. Re1 Nf6 10. Bg5 O-O 11. Bxc6 Bxc6 12. Ne5 Bd7 13. Qf3 Be6 14. Nd2 Nd7 15.
Bxe7 Qxe7 16. Qg3 Rfe8 17. Ndf3 a5 18. Ng5 f6 19. Nxd7 Qxd7 20. Nxe6 Rxe6 21.
Re3 Rxe3 22. fxe3 b5 23. Rf1 a4 24. Rxf6 a3 25. bxa3 Qe7 26. Rf2 h6 27. Rf5 Qxa3
28. Qg6 Qc1+ 29. Rf1 Qxe3+ 30. Kh1 Qe8 31. Qf5 Qd8 32. Rf2 Ra7 33. h3 Re7 34.
Qg6 Re1+ 35. Kh2 Re3 36. Rf7 Qb8+ 37. Kg1 Re1+ 38. Kf2 Re2+ 39. Kxe2 Qe8+ 40.
Kd2 Qxf7 41. Qxf7+ Kxf7 42. Kc2 Ke6 43. Kb2 Kf5 44. Ka3 Ke4 45. Kb4 Kd3 46. Kxb5
Kxc3 47. a4 Kxd4 48. a5 c3 49. a6 c2 50. a7 c1=Q 51. a8=Q Qb2+ 52. Kc6 Qxg2 53.
Qa4+ Ke5 54. Qa1+ d4+ 55. Kb5 Qxh3 56. Qe1+ Qe3 57. Qb4 Qd3+ 58. Ka4 1/2-1/2

[Event "AUTO-ADV-2752"]
[Site "http://www.queenalice.com/game.php?id=1149004"]
[Date "2013.2.5"]
[Round "1"]
[White "Jackson_Ribeiro"]
[Black "favazza2007"]
[Result "1-0"]
[WhiteElo "1847"]
[BlackElo "1926"]

1. d4 d5 2. c4 dxc4 3. Nc3 Nf6 4. e4 e6 5. Bxc4 Bd7 6. Nf3 Bb4 7. Bg5 h6 8. Bh4
g5 9. Nxg5 hxg5 10. Bxg5 Be7 11. Qb3 b6 12. O-O Ng4 13. Bf4 Nc6 14. Qd1 f5 15.
exf5 exf5 16. Re1 Na5 17. Bg5 Rh7 18. Nd5 Nxc4 19. Nxe7 Kf7 20. h3 Nf6 21. Nd5
Kg6 22. Bxf6 Qb8 23. Qc1 Bb5 24. Qg5+ Kf7 25. Re7+ Kf8 26. Rxh7 Qb7 27. Qg7+ Ke8
28. Qe7# 1-0

[Event "AUTO-ADV-2752"]
[Site "http://www.queenalice.com/game.php?id=1149005"]
[Date "2013.2.5"]
[Round "1"]
[White "favazza2007"]
[Black "Jackson_Ribeiro"]
[Result "0-1"]
[WhiteElo "1915"]
[BlackElo "1818"]

1. c4 g6 2. Nf3 Bg7 3. Nc3 Nf6 4. g3 c5 5. Bg2 d5 6. cxd5 Nxd5 7. O-O O-O 8.
Nxd5 Qxd5 9. Nh4 Qd6 10. Rb1 Nc6 11. d3 Rb8 12. Bf4 e5 13. Be3 Be6 14. b3 b6 15.
Bxc6 Qxc6 16. f3 Rbd8 17. Bf2 a5 18. g4 e4 19. fxe4 Bxg4 20. Bg3 Bh3 21. Ng2 f5
22. Qe1 fxe4 23. Rxf8+ Rxf8 24. Nf4 Bc8 25. dxe4 Qxe4 26. Qd1 Bd4+ 27. e3 Bxe3+
28. Bf2 Bxf2+ 29. Kxf2 Rxf4+ 30. Kg1 Qe3+ 31. Kg2 Bb7+ 32. Qf3 Qxf3+ 33. Kg1
Qf2# 0-1

[Event "AUTO-ADV-2752"]
[Site "http://www.queenalice.com/game.php?id=1149006"]
[Date "2013.2.5"]
[Round "1"]
[White "Jackson_Ribeiro"]
[Black "Paulsains"]
[Result "0-1"]
[WhiteElo "1814"]
[BlackElo "1815"]

1. d4 Nf6 2. c4 g6 3. Nc3 Bg7 4. e4 d6 5. Be2 O-O 6. Nf3 b6 7. O-O Bb7 8. d5
Nbd7 9. b4 c5 10. Rb1 Ne8 11. Bd2 cxb4 12. Rxb4 a5 13. Rb1 Nc5 14. Qc2 e6 15.
Nb5 Ba6 16. Nfd4 Bxd4 17. Nxd4 e5 18. f4 exd4 19. Qc1 Nxe4 20. Be1 Ng7 21. Qd1
Qf6 22. Rxb6 Nf5 23. Bxa5 Ne3 24. Qb1 Nxf1 25. Qxf1 Bc8 26. Bb4 Rxa2 27. c5 Rd8
28. Qb1 Rxe2 29. Qc1 Qh4 0-1

[Event "AUTO-ADV-2752"]
[Site "http://www.queenalice.com/game.php?id=1149007"]
[Date "2013.2.5"]
[Round "1"]
[White "Paulsains"]
[Black "Jackson_Ribeiro"]
[Result "0-1"]
[WhiteElo "1831"]
[BlackElo "1798"]

1. e4 c5 2. Nf3 Nc6 3. Bc4 e6 4. O-O a6 5. d4 b5 6. Be2 c4 7. Be3 d5 8. e5 Nge7
9. Nbd2 Ng6 10. Bg5 Be7 11. Bxe7 Ngxe7 12. c3 O-O 13. b3 f6 14. bxc4 dxc4 15.
Ne4 fxe5 16. dxe5 Ng6 17. Qxd8 Rxd8 18. Nd6 Ngxe5 19. Nxc8 Raxc8 20. a4 Ng4 21.
Ng5 Nf6 22. Nxe6 Re8 23. Nf4 g5 24. axb5 axb5 25. Bh5 Re7 26. Ng6 hxg6 27. Bxg6
b4 28. cxb4 Nxb4 29. Ra4 Nfd5 30. Rc1 Nc3 31. Rxb4 Ne2+ 32. Kf1 Nxc1 0-1

[Event "AUTO-ADV-2752"]
[Site "http://www.queenalice.com/game.php?id=1149008"]
[Date "2013.2.5"]
[Round "1"]
[White "Jackson_Ribeiro"]
[Black "coutovet"]
[Result "1-0"]
[WhiteElo "1886"]
[BlackElo "1774"]

1. d4 d5 2. c4 dxc4 3. Nc3 c6 4. a4 Qd7 5. a5 Qe6 6. e4 Nf6 7. e5 Ng4 8. Nf3 f6
9. Be2 fxe5 10. Ng5 Qf5 11. f3 Nf6 12. Bxc4 e6 13. Bd3 e4 14. fxe4 Qg4 15. Be2
Qh4+ 16. g3 Qh6 17. Nxe6 Bxe6 18. Bxh6 gxh6 19. d5 cxd5 20. exd5 Bd7 21. O-O
Bc5+ 22. Kg2 Na6 23. Rxf6 Be3 24. Bh5+ Ke7 25. Qf3 Bg5 26. d6+ Kd8 27. Rf8+ 1-0

[Event "AUTO-ADV-2752"]
[Site "http://www.queenalice.com/game.php?id=1149009"]
[Date "2013.2.5"]
[Round "1"]
[White "coutovet"]
[Black "Jackson_Ribeiro"]
[Result "0-1"]
[WhiteElo "1422"]
[BlackElo "1870"]

1. e4 c5 2. Nf3 g6 3. d4 Bg7 4. Bc4 Nc6 5. d5 Ne5 6. Nxe5 Bxe5 7. c3 Qc7 8. g3
Bg7 9. Na3 a6 10. Be3 Nf6 11. Qf3 d6 12. O-O Bg4 13. Qg2 Qd7 14. Qh1 b5 15. Bd3
c4 16. Bc2 O-O 17. h4 Be2 18. Rfe1 Qg4 19. Bd1 Bxd1 20. Raxd1 Nxe4 21. Qg2 Nf6
22. f3 Qd7 23. b3 cxb3 24. axb3 Rac8 25. c4 bxc4 26. bxc4 Qa4 27. Rd3 Nd7 28.
Bc1 Ne5 29. Rde3 Nxc4 30. Nxc4 Rxc4 31. Rxe7 Bc3 32. R1e2 Bd4+ 33. Kh2 Rxc1 34.
Re1 Rfc8 35. Kh3 Qb3 36. f4 R1c2 37. R1e2 R2c3 38. Re8+ Rxe8 39. Rxe8+ Kg7 40.
Re2 Rc1 41. Qe4 Qc3 42. f5 Rg1 0-1

[Event "AUTO-ADV-2758"]
[Site "http://www.queenalice.com/game.php?id=1151425"]
[Date "2013.2.13"]
[Round "1"]
[White "lfsantanna"]
[Black "Jackson_Ribeiro"]
[Result "0-1"]
[WhiteElo "1716"]
[BlackElo "1866"]

1. e4 c5 2. Nf3 e6 3. d4 Nf6 4. Nc3 cxd4 5. Nxd4 d5 6. exd5 Nxd5 7. Ne4 f5 8.
Ng3 Bb4+ 9. c3 Nxc3 10. bxc3 Bxc3+ 11. Bd2 Qxd4 12. Bxc3 Qxc3+ 13. Ke2 Qe5+ 14.
Kd2 O-O 15. Bd3 Nc6 16. Re1 Qb2+ 17. Qc2 Qd4 18. Rac1 Nb4 19. Qb1 Rd8 20. Rc3 e5
21. f3 g6 22. Ne2 Qd6 23. a3 Nd5 24. Bc4 Kg7 25. Rd3 Qc5 26. Bxd5 Rxd5 27. Rxd5
Qxd5+ 28. Kc1 Be6 29. Rd1 Rc8+ 30. Kb2 Qb3+ 31. Ka1 Qxa3+ 0-1

[Event "AUTO-ADV-2758"]
[Site "http://www.queenalice.com/game.php?id=1151426"]
[Date "2013.2.13"]
[Round "1"]
[White "Jackson_Ribeiro"]
[Black "lfsantanna"]
[Result "1-0"]
[WhiteElo "1876"]
[BlackElo "1715"]

1. d4 d5 2. c4 e6 3. e3 Nf6 4. Nf3 Be7 5. Nc3 Nc6 6. a3 O-O 7. b4 dxc4 8. Bxc4
a6 9. O-O b5 10. Bb3 Nh5 11. e4 Bf6 12. e5 Be7 13. g4 Nf6 14. exf6 Bxf6 15. Bc2
Nxd4 16. Nxd4 Bxd4 17. Bd2 e5 18. Be4 Rb8 19. h3 Qh4 20. Qf3 f5 21. gxf5 g6 22.
Qg2 Kh8 23. Bg5 Qh5 24. Bf3 Bb7 25. Bxb7 Bxc3 26. Bf3 Qxg5 27. Qxg5 Bxa1 28.
Rxa1 gxf5 29. Qe7 e4 30. Bh5 Rg8+ 31. Kh2 Rg7 32. Qf6 Kg8 33. Rg1 Rxg1 34. Kxg1
Rf8 35. Qxa6 f4 36. Qxb5 e3 37. fxe3 f3 38. Bxf3 Rxf3 39. Qd5+ Rf7 40. a4 Kg7
41. a5 Rf8 42. a6 1-0

[Event "AUTO-ADV-2758"]
[Site "http://www.queenalice.com/game.php?id=1151441"]
[Date "2013.2.13"]
[Round "1"]
[White "FabianoSales"]
[Black "Jackson_Ribeiro"]
[Result "1-0"]
[WhiteElo "1928"]
[BlackElo "1838"]

1. d4 d5 2. c4 c6 3. Nc3 Bf5 4. e3 Nd7 5. cxd5 cxd5 6. Nxd5 e6 7. Nc3 Rc8 8. a3
a6 9. Nf3 Ngf6 10. Bd3 Bg4 11. h3 Bh5 12. g4 Bg6 13. e4 h6 14. Bf4 Nb6 15. Ne5
Bh7 16. Rc1 Qxd4 17. Bb5+ 1-0

[Event "AUTO-ADV-2758"]
[Site "http://www.queenalice.com/game.php?id=1151442"]
[Date "2013.2.13"]
[Round "1"]
[White "Jackson_Ribeiro"]
[Black "FabianoSales"]
[Result "0-1"]
[WhiteElo "1898"]
[BlackElo "2001"]

1. b3 d5 2. Bb2 c5 3. e3 Nc6 4. Nf3 Bf5 5. c4 d4 6. d3 e5 7. Nbd2 Nf6 8. a3 dxe3
9. fxe3 Qd6 10. e4 Bd7 11. Bc3 Ng4 12. Be2 Ne3 13. Qc1 Nxg2+ 14. Kf2 Nf4 15. Qb2
Ng6 16. b4 f6 17. b5 Nce7 18. Nf1 Nf4 19. Ng3 Nxd3+ 20. Bxd3 Qxd3 21. Nd2 Ng6
22. Ne2 Bg4 23. Rae1 O-O-O 24. Rhg1 Qh3 25. Rg2 Bxe2 26. Rxe2 Nf4 27. Kg1 Nxe2+
28. Rxe2 Rd3 29. Nf1 Rxc3 0-1

[Event "AUTO-ADV-2758"]
[Site "http://www.queenalice.com/game.php?id=1151451"]
[Date "2013.2.13"]
[Round "1"]
[White "JacenSage"]
[Black "Jackson_Ribeiro"]
[Result "1-0"]
[WhiteElo "1758"]
[BlackElo "1814"]

1. e4 b6 2. d4 Bb7 3. Nc3 e6 4. Bd3 Bb4 5. Nf3 c5 6. Be3 Qc7 7. O-O c4 8. Be2
Bxc3 9. bxc3 Bxe4 10. Ng5 Bb7 11. Bf3 Nc6 12. d5 Ne5 13. d6 Nxf3+ 14. Nxf3 Bxf3
15. Qxf3 Qc8 16. Qg4 g6 17. Bd4 f6 18. Rad1 Kf7 19. h4 Nh6 20. Qf4 Nf5 21. Bxf6
Kxf6 22. g4 Rg8 23. gxf5 gxf5+ 24. Kh2 Qc6 25. Rg1 Rg6 26. h5 e5 27. Qh4+ Kg7
28. Qe7+ 1-0

[Event "AUTO-ADV-2758"]
[Site "http://www.queenalice.com/game.php?id=1151452"]
[Date "2013.2.13"]
[Round "1"]
[White "Jackson_Ribeiro"]
[Black "JacenSage"]
[Result "1/2-1/2"]
[WhiteElo "1815"]
[BlackElo "1849"]

1. c4 e5 2. e3 Nf6 3. a3 d5 4. b4 c6 5. Bb2 Be6 6. d3 dxc4 7. Bxe5 Be7 8. Nc3
Nbd7 9. Bg3 Nb6 10. Nf3 O-O 11. dxc4 Bxc4 12. Bxc4 Nxc4 13. O-O Qxd1 14. Rfxd1
Rfd8 15. Nd4 Nd5 16. Nxd5 Rxd5 17. e4 Rd7 18. Nf5 Rxd1+ 19. Rxd1 Bf6 20. Rd7 Rd8
21. Rxd8+ Bxd8 22. a4 Nb2 23. a5 Nd3 24. Bd6 g6 25. Nd4 Bf6 26. Nc2 b6 27. axb6
axb6 28. f4 Bg7 29. g3 Bf8 30. Bxf8 Kxf8 31. Kf1 c5 32. bxc5 Nxc5 33. e5 Ke7 34.
Nd4 f6 35. exf6+ Kxf6 36. Ke2 1/2-1/2

[Event "AUTO-ADV-2759"]
[Site "http://www.queenalice.com/game.php?id=1151913"]
[Date "2013.2.14"]
[Round "1"]
[White "luizantoniosetti"]
[Black "Jackson_Ribeiro"]
[Result "1/2-1/2"]
[WhiteElo "1835"]
[BlackElo "1872"]

1. e4 c5 2. Nf3 Nc6 3. d3 e6 4. g3 d5 5. Nbd2 d4 6. Bg2 e5 7. O-O Be7 8. a4 a5
9. Nc4 Qc7 10. c3 Nf6 11. cxd4 cxd4 12. Ne1 O-O 13. f4 Bg4 14. Bf3 Bh3 15. Bg2
Bg4 16. Bf3 Bxf3 17. Nxf3 Nd7 18. fxe5 Ndxe5 19. Bf4 f6 20. h4 Bd6 21. Nxd6 Qxd6
22. Qb3+ Rf7 23. Nxe5 Nxe5 24. Rac1 Qe7 25. Bxe5 fxe5 26. Rf3 Rf8 27. Rcf1 g6
28. Qc4 Kg7 29. Rxf7+ Rxf7 30. Rxf7+ Qxf7 31. Qc8 Kh6 1/2-1/2

[Event "AUTO-ADV-2759"]
[Site "http://www.queenalice.com/game.php?id=1151914"]
[Date "2013.2.14"]
[Round "1"]
[White "Jackson_Ribeiro"]
[Black "luizantoniosetti"]
[Result "1/2-1/2"]
[WhiteElo "1874"]
[BlackElo "1833"]

1. c4 Nf6 2. d4 g6 3. Nc3 d5 4. cxd5 Nxd5 5. e4 Nxc3 6. bxc3 Bg7 7. Bd3 c5 8.
Bb5+ Bd7 9. Bxd7+ Qxd7 10. Nf3 Nc6 11. e5 cxd4 12. cxd4 Rd8 13. Be3 e6 14. O-O
O-O 15. Qd3 Nxe5 16. Nxe5 Bxe5 17. Qa3 Bb8 18. Qb2 Qd5 19. Bh6 Rfe8 20. Rfd1 Be5
21. Be3 a6 22. Rac1 Bg7 23. Rc7 b5 24. h3 Rc8 25. Rdc1 Rxc7 26. Rxc7 Rd8 27. Ra7
Bxd4 28. Bxd4 Qxd4 29. Qxd4 Rxd4 30. Rxa6 Rd5 31. g4 Kg7 32. f3 h6 33. Kf2 Kf6
34. h4 g5 35. h5 Rd2+ 36. Ke3 Rd5 37. Ra3 1/2-1/2

[Event "AUTO-ADV-2759"]
[Site "http://www.queenalice.com/game.php?id=1151927"]
[Date "2013.2.14"]
[Round "1"]
[White "marcao"]
[Black "Jackson_Ribeiro"]
[Result "0-1"]
[WhiteElo "1699"]
[BlackElo "1826"]

1. d4 d5 2. Bf4 Nf6 3. e3 Bd7 4. Nf3 e6 5. Bd3 c5 6. O-O Nc6 7. b3 Rc8 8. c3
cxd4 9. cxd4 Be7 10. a3 a6 11. b4 b5 12. Ne5 O-O 13. Nxd7 Qxd7 14. Nd2 Bd6 15.
Bg5 Be7 16. Nf3 Ne4 17. Bxe7 Nxe7 18. Ne5 Qd6 19. Qe2 f6 20. Ng4 Nc3 21. Qf3 h5
22. Nh6+ gxh6 23. Qxh5 Kg7 24. Qg4+ Kf7 25. Qh5+ Kg7 26. Qg4+ Kh8 27. Qh5 Nf5
28. Bxf5 exf5 29. Qxh6+ Kg8 30. Qg6+ Kh8 31. Qxf5 Rc7 32. f4 Rh7 33. Rf3 Qd7 34.
Qxd7 Rxd7 35. Rh3+ Rh7 36. Rxh7+ Kxh7 37. g4 Rg8 38. h3 Rc8 39. Kg2 Ne4 40. Kf3
Rc2 41. h4 Rf2# 0-1

[Event "AUTO-ADV-2759"]
[Site "http://www.queenalice.com/game.php?id=1151928"]
[Date "2013.2.14"]
[Round "1"]
[White "Jackson_Ribeiro"]
[Black "marcao"]
[Result "1-0"]
[WhiteElo "1837"]
[BlackElo "1688"]

1. d4 d5 2. c4 Bf5 3. Nc3 e6 4. e3 Nf6 5. Nf3 Bb4 6. Bd2 O-O 7. a3 Bxc3 8. Bxc3
c6 9. Rc1 a6 10. c5 b6 11. Be2 b5 12. Ne5 a5 13. b4 a4 14. O-O Ne4 15. Bg4 Bxg4
16. Nxg4 Nd7 17. f3 Nxc3 18. Rxc3 Nf6 19. Ne5 Rc8 20. Rc2 Nh5 21. Qe2 f6 22.
Nxc6 Rxc6 23. Qxb5 Qc8 24. Qxa4 Ra6 25. Qb3 f5 26. b5 Ra5 27. b6 Qa6 28. Ra1 Rb5
29. Qd3 Qa4 30. Rc3 f4 31. Rb1 Rxb1+ 32. Qxb1 fxe3 33. Qd3 Nf4 34. Qxe3 Qd1+ 35.
Kf2 Qb1 36. Qc1 Qg6 37. g3 Nh5 38. c6 h6 39. c7 Nf6 40. c8=Q Ne4+ 41. Kg2 Qf5
42. Qxf8+ Kxf8 43. fxe4 dxe4 44. Qf1 Kg8 45. Qxf5 exf5 46. b7 1-0

[Event "AUTO-ADV-2759"]
[Site "http://www.queenalice.com/game.php?id=1151935"]
[Date "2013.2.14"]
[Round "1"]
[White "c19093person"]
[Black "Jackson_Ribeiro"]
[Result "0-1"]
[WhiteElo "1840"]
[BlackElo "1800"]

1. Nf3 d5 2. d3 c5 3. g3 Nc6 4. Bg2 b6 5. O-O Bb7 6. Bf4 Nf6 7. Nbd2 e6 8. c4
Bd6 9. Bxd6 Qxd6 10. a3 O-O 11. Rb1 a5 12. Qc2 d4 13. Nb3 e5 14. Rbd1 Ng4 15. h3
Nh6 16. e3 f5 17. exd4 exd4 18. Rde1 f4 19. g4 Nf7 20. Re2 Rae8 21. Rfe1 Rxe2
22. Qxe2 Qd7 23. Nh4 Nd6 24. Bd5+ Kh8 25. Qe6 Qd8 26. Qe2 Qxh4 27. Bg2 Qd8 28.
Nd2 Re8 29. Qd1 Ba8 30. Ne4 Nxe4 31. Bxe4 Ne5 32. Bxa8 Qxa8 33. Re4 Ng6 34. f3
Nf8 35. Qe2 Rxe4 36. fxe4 g5 37. Kg2 Nd7 38. a4 Ne5 39. Kf2 Kg7 40. b3 Qf8 41.
Qd2 h6 42. Qe2 f3 43. Qf1 Qf4 44. Ke1 Qe3+ 45. Kd1 Nxd3 0-1

[Event "AUTO-ADV-2759"]
[Site "http://www.queenalice.com/game.php?id=1151936"]
[Date "2013.2.14"]
[Round "1"]
[White "Jackson_Ribeiro"]
[Black "c19093person"]
[Result "0-1"]
[WhiteElo "1816"]
[BlackElo "1824"]

1. e4 d5 2. exd5 Nf6 3. c4 c6 4. dxc6 Nxc6 5. Nf3 e5 6. Be2 Bc5 7. O-O O-O 8. a3
a5 9. Nc3 Be6 10. d3 Qb6 11. Nb5 Ng4 12. Qe1 Rad8 13. h3 Nf6 14. Bg5 Be7 15. Qc3
Nd4 16. Nfxd4 exd4 17. Qd2 Bd7 18. a4 h6 19. Bf4 Bxb5 20. axb5 Nd7 21. Rxa5 Nc5
22. Ra3 Ne6 23. Qa5 Qxa5 24. Rxa5 Nxf4 25. Re1 Bb4 26. Ra4 Bxe1 27. Kf1 Nxe2 28.
Kxe1 Rfe8 29. Kd2 Nf4 30. c5 Re2+ 31. Kd1 Rde8 32. Rxd4 Rxf2 33. c6 Ra8 34. Ke1
Re2+ 0-1